A személyi biztosítási összeg iránti igények valorizációja

Elmentve itt :
Bibliográfiai részletek
Szerző: Balla Ignác
Dokumentumtípus: Cikk
Megjelent: 1934
Sorozat:Polgári jog : a hazai és külföldi magánjog és hiteljog szemléje 10
Kulcsszavak:Biztosítási jog valorizáció jogi szabály
Online Access:http://misc.bibl.u-szeged.hu/2759
LEADER 00660nab a2200169 i 4500
001 misc2759
005 20191106142308.0
008 170607s1934 hu o 0|| hun d
040 |a SZTE Miscellanea Repozitórium  |b hun 
041 |a hun 
100 1 |a Balla Ignác 
245 1 2 |a A személyi biztosítási összeg iránti igények valorizációja  |h [elektronikus dokumentum] /  |c  Balla Ignác 
260 |c 1934 
300 |a 397-398a 
490 0 |a Polgári jog : a hazai és külföldi magánjog és hiteljog szemléje  |v 10 
695 |a Biztosítási jog valorizáció jogi szabály 
856 4 0 |u http://misc.bibl.u-szeged.hu/2759/1/polgari_jog_1934_397-398a.pdf  |z Dokumentum-elérés